El curriculum básico

Uloženo v:
Podrobná bibliografie
Hlavní autor: Kirk, Gordon
Médium: Kniha
Jazyk:španělština
Vydáno: Paidós. c1986.
Témata:
Tagy: Přidat tag
Žádné tagy, Buďte první, kdo vytvoří štítek k tomuto záznamu!

MARC

LEADER 00000nam a22000005a 4500
001 4074
003 CL-ChBUA
005 20120815102842.0
008 070301s1986 sp 000 0 spa
020 |a 8475095313 
040 |a CL-ChBUA  |c CL-ChBUA 
082 0 0 |a 375 
090 |c 4074  |d 4074 
100 1 |a Kirk, Gordon. 
245 1 0 |a El curriculum básico 
260 |b Paidós.  |c c1986. 
300 |a 119 p.  |c 22 cm. 
504 |a Indice. 
650 4 |a CURRICULUM. 
942 |c LIB 
952 |0 0  |1 0  |4 0  |7 0  |9 5962  |a UNACH  |b UNACH  |c 300  |d 2007-03-05  |i 28.083.  |l 1  |o 375 / K 59.  |p 6961  |r 2018-08-21 00:00:00  |s 2013-01-08  |u 5962  |w 2012-08-08  |y LIB  |k 375 / K 59. 
999 |c 4074  |d 4074